Les facetieuses nuits de Straparole / (Record no. 154010)

MARC details
000 -LEADER
campo de control de longitud fija 00746nam a22002295i 4500
001 - NÚMERO DE CONTROL
campo de control 154010
003 - IDENTIFICADOR DE NÚMERO DE CONTROL
campo de control ES-MaACL
005 - FECHA Y HORA DE LA ÚLTIMA TRANSACCIÓN
campo de control 20230906205458.0
008 - DATOS DE LONGITUD FIJA--INFORMACIÓN GENERAL
campo de control de longitud fija 000209s1857 fr |||| | fre d
040 ## - FUENTE DE CATALOGACIÓN
Centro catalogador/agencia de origen CCPB | B
Lengua de catalogación spa
Centro/agencia transcriptor CCPB | B
245 04 - MENCIÓN DEL TÍTULO
Título Les facetieuses nuits de Straparole /
Mención de responsabilidad, etc. traduites par Jean Louveau et Pierre de Larivey.
260 ## - PUBLICACIÓN, DISTRIBUCIÓN, ETC.
Lugar de publicación, distribución, etc. Paris :
Nombre del editor, distribuidor, etc. P. Jannet,
Fecha de publicación, distribución, etc. 1857 (
Fabricante E. Thunot et Cie.)
300 ## - DESCRIPCIÓN FÍSICA
Extensión 2 v. ;
Dimensiones 17 cm.
490 1# - MENCIÓN DE SERIE
Mención de serie Bibliothèque Elzevirienne
700 11 - ENTRADA AGREGADA--NOMBRE PERSONAL
Nombre de persona Louveau, Jean,
Término indicativo de función/relación
9 (RLIN) 129097
700 11 - ENTRADA AGREGADA--NOMBRE PERSONAL
Nombre de persona Larivey, Pierre de,
Término indicativo de función/relación
9 (RLIN) 128698
752 ## - ENTRADA AGREGADA--NOMBRE JERÁRQUICO DEL LUGAR
País o entidad superior Francia -
Ciudad París
830 0# - PUNTO DE ACCESO ADICIONAL DE SERIE-TÍTULO UNIFORME
Título uniforme Bibliothèque Elzevirienne
9 (RLIN) 180979
852 ## - LOCALIZACIÓN
Ubicación ES-MaACL
Número de control de estantería G-2358-2359
Nota libre -- Enc.
Holdings
Estatus retirado Estado de pérdida Estado de daño No para préstamo Colección Biblioteca de origen Biblioteca actual Ubicación en estantería Fecha de adquisición Fuente de adquisición Total de préstamos Signatura topográfica completa Código de barras Visto por última vez Precio de reemplazo Tipo de ítem Koha
        Libros del s. XIX Biblioteca del Ateneo de Madrid Biblioteca del Ateneo de Madrid Depósito 2 17/01/2008     G-2358-2359 1161031 23/02/2023 23/02/2023 Libro impreso antiguo